000 01282cam a22003377a 4500
999 _c6556
_d6556
001 13076311
003 OSt
005 20200203094908.0
008 030131s2002 enkab b 001 0 eng d
010 _a 2003268472
015 _aGBA2-W9623
020 _a0340806788
020 _a0340806796 (PBK.)
035 _a(OCoLC)ocm49906556
040 _aUKM
_cUKM
_dC#P
_dDLC
042 _alccopycat
082 0 4 _a337.7
_221
_bMAN 2002
100 1 _aMannion, Antoinette M.
_913484
245 1 0 _aDynamic world :
_bland-cover and land-use change /
_cA.M. Mannion.
260 _aLondon :
_bArnold ;
_aNew York :
_bOxford University Press,
_c2002.
300 _avii, 230 p. :
_bill., maps ;
_c24 cm.
504 _aIncludes bibliographical references (p. [214]-224) and index.
650 0 _aNature
_xEffect of human beings on.
_94353
650 0 _aLandscape changes.
_913485
650 0 _aLand cover.
_913486
856 4 2 _3Publisher description
_uhttp://www.loc.gov/catdir/enhancements/fy0615/2003268472-d.html
856 4 2 _3Contributor biographical information
_uhttp://www.loc.gov/catdir/enhancements/fy0726/2003268472-b.html
906 _a7
_bcbc
_ccopycat
_d2
_encip
_f20
_gy-gencatlg
942 _2ddc
_cO_SHELF